Statistics for Hong Kong True or False?

Click here to take the quiz!

General Stats

  • This quiz has been taken 59 times
  • The average score is 11 of 15

Answer Stats

QuestionAnswer% Correct
Hong Kong is a Special Administrative Region of ChinaTrue
92%
Hong Kong uses the Chinese yuan as its currencyFalse
88%
Hong Kong has no official languageFalse
88%
Hong Kong has abolished the death penaltyTrue
85%
Hong Kong has a higher population than SingaporeTrue
81%
Hong Kong was occupied by the Japanese during World War IITrue
81%
Hong Kong sits near the delta of the Yangtze RiverFalse
77%
Since the Chinese invasion of Tibet in 1951, the Dalai Lama has lived in exile in Hong KongFalse
77%
Hong Kong recorded fewer than 200 COVID-19 deaths in 2020True
63%
You can travel by bullet train from Hong Kong to BeijingTrue
62%
1 in 10 Hong Kong citizens identify as ethnically white BritishFalse
58%
Hong Kong International Airport is the busiest airport in AsiaFalse
56%
Hong Kong has the highest ranking on the Human Development Index of anywhere in AsiaTrue
56%
By passenger numbers, Hong Kong operates the largest commuter ferry system in the worldFalse
44%
Martial arts actor Bruce Lee was born in Hong KongFalse
44%

Score Distribution

Percentile by Number Answered

Percent of People with Each Score

Your Score History

You have not taken this quiz